Discursos a la nación alemana

Uloženo v:
Podrobná bibliografie
Hlavní autor: Fichte, Johann Gottlieb (autore)
Médium: Kniha
Jazyk:španělština
Vydáno: Madrid Tecnos S. A 1988
Vydání:1a. ed
Edice:Clásicos del Pensamiento, 51
Témata:
Tagy: Přidat tag
Žádné tagy, Buďte první, kdo vytvoří štítek k tomuto záznamu!

MARC

LEADER 00000cam a2200000 a 4500
001 UCD2917
003 CL-VaPUC
008 160520e19880000sp |||||||||||||||||spa|d
020 |a 8430915737 
082 0 4 |a 141  |b FIC  |2 21 
100 |a Fichte, Johann Gottlieb  |e autore  |9 316864 
245 1 0 |a Discursos a la nación alemana 
250 |a 1a. ed 
300 |a 292 p 
942 |c BK 
945 |d 20160520 11:34:00  |a dcastane 
260 |a Madrid  |b Tecnos S. A  |c 1988 
650 7 |a IDEALISMO ALEMAN  |2 CL-VaPUC  |9 268681 
650 0 |a Filosofía alemana   |9 265002 
650 7 |a CULTURA ALEMANA  |2 CL-VaPUC  |9 431888 
583 |a last modification  |c 20160520 11:34:00  |k Rodrigo Vera 
490 0 |a Clásicos del Pensamiento, 51 
999 |c 364026  |d 364024 
952 |0 0  |1 0  |3 erb  |4 0  |6 141_000000000000000_FIC_1988  |7 0  |8 A  |9 476936  |a FDOHBE  |b BIBHIS  |e Huesbe Llanos, Marco Antonio, 1934-  |i 5304962  |l 1  |o 141 FIC 1988  |p 5304962  |r 2024-01-30  |s 2023-06-07  |w 2019-11-24  |y BK  |z Catalogado en:20160520  |k HBE